=LDR 00000nam 2200000 4500 =001 INLIS000000000012710 =005 20130612104214 =008 ***********************************Ind** =035 ##$$0010-061300000012710 =041 ##$$a Ind =082 ##$$a 615.19 =090 ##$$a 615.19, Ani i =100 ##$$a Anif, Moh =245 ##$$a Ilmu Menarik obat : Teori dan praktek, Moh. Arief =260 ##$$a 97 $b Yogyakarta =300 ##$$a 231 hlm., Ilus, 21 cm =650 ##$$a Obat =850 ##$$a NBPNMAT